000 02141nam a2200241Ii 4500
008 221202s xx 000 0 und d
100 1 _aMorton, Katherine,
_eauthor
245 0 _aInternational Aid and China's Environment
264 _bTaylor & Francis
_c2005
300 _a1 online resource
336 _atext
_btxt
_2rdacontent
337 _acomputer
_bc
_2rdamedia
338 _aonline resource
_bcr
_2rdacarrier
490 _aRoutledge Studies on China in Transition
520 _aRapid economic growth in the world's most populous nation is leading to widespread soil erosion, desertification, deforestation and the depletion of vital natural resources. The scale and severity of environmental problems in China now threaten the economic and social foundations of its modernization. Using case studies, Morton analyzes the relationship between international and local responses to environmental problems in China, challenging the prevailing wisdom that weak compliance is the only constraint upon local environmental management in China. It advances two interrelated discussions: first, it constructs a conceptual framework for understanding the key dimensions of environmental capacity. This is broadly defined to encompass the financial, institutional, technological and social aspects of environmental management. Second, the book presents the results of an empirical inquiry into the implementation of donor-funded environmental projects in both China's poorer and relatively developed regions. By drawing upon extensive fieldwork, it seeks to explain how, and under what conditions, international donors can strengthen China's environmental capacity, especially at the local level. It will be of interest to those studying Chinese politics, environmental studies and international relations.
653 _aAssistance
653 _aBuilding
653 _aCapacity
653 _aEnvironmental
653 _aManagement
856 _uhttps://library.oapen.org/bitstream/20.500.12657/24215/1/1005916.pdfhttps://www.taylorfrancis.com/books/9781134183166http://library.oapen.org/handle/20.500.12657/24215
942 _cE-BOOK
999 _c63388
_d63388